000 00626nam a2200217Ia 4500
003 PE SENCICO BE
005 20251020182426.0
008 200515s9999 xx 000 0 und d
040 _aPE SENCICO BE
_cPE SENCICO BE
041 _aspa
082 _aR 025.48
_bI5
245 0 _aTesauro Itintec /
_cItintec
246 _aTesauro de terminología técnica
260 _aLima :
_bItintec,
_c1976
300 _a276 p.
650 1 0 _aTesauros
_92252
650 2 0 _aCiencia
_92257
650 2 0 _aTecnología
_9840
710 1 _92256
_aInstituto de Investigación Tecnológica Industrial y de Normas Técnicas
942 _cLIB
_2ddc
999 _c110
_d110